[Event "DM Hurtigskak 2012"]
[Site "Middelfart"]
[Date "2012.09.30"]
[Round "4"]
[White "Jacobsen, Bo"]
[Black "Skytte, Rasmus"]
[Result "1-0"]
[WhiteElo "2291"]
[BlackElo "2396"]
[PlyCount "92"]
[EventDate "2012.??.??"]

1. c4 b6 2. d4 Bb7 3. d5 g6 4. e4 Bg7 5. Nf3 d6 6. Bd3 Nd7 7. O-O e6 8. Qe2 Ne7
9. Be3 O-O 10. dxe6 fxe6 11. Ng5 Rf6 12. Nc3 Nc6 13. f4 Nc5 14. Bc2 Qe7 15.
Rae1 Rff8 16. Qd2 Rae8 17. f5 Ne5 18. Bxc5 Nxc4 19. Qe2 Qxg5 20. Qxc4 dxc5 21.
fxe6 Rxf1+ 22. Rxf1 Qe3+ 23. Kh1 Qd4 24. Qe2 c4 25. Rf7 Bc8 26. Ba4 Rxe6 27.
Rxc7 Ba6 28. Rxa7 b5 29. Ra8+ Bf8 30. Bc2 b4 31. Nd1 b3 32. Bb1 c3 33. Rxa6
Rxa6 34. bxc3 Qb6 35. axb3 Qxb3 36. Bc2 Qb6 37. h3 Ra8 38. Qc4+ Kg7 39. Bb3 Rb8
40. Qf7+ Kh6 41. Nf2 Qxb3 42. Ng4+ Kh5 43. Qf3 Qb1+ 44. Kh2 Bd6+ 45. e5 Qf5 46.
Nf6+ Kg5 1-0

[Event "DM Hurtigskak 2012"]
[Site "Middelfart"]
[Date "2012.09.30"]
[Round "4"]
[White "Bromann, Thorbjorn"]
[Black "Thybo, Jesper Sondergaard"]
[Result "0-1"]
[WhiteElo "2361"]
[BlackElo "1940"]
[PlyCount "36"]
[EventDate "2012.??.??"]

1. d4 Nf6 2. Nc3 d5 3. Bg5 Bf5 4. f3 Nbd7 5. Nxd5 Nxd5 6. e4 f6 7. Bd2 Be6 8.
exd5 Bxd5 9. Bd3 Bf7 10. Qe2 g6 11. Nh3 Nb6 12. c3 Bg7 13. Nf4 Qd6 14. Qe4 O-O
15. O-O f5 16. Qxb7 e5 17. Ne2 Nc4 18. Bc1 Rfb8 0-1

[Event "DM Hurtigskak 2012"]
[Site "Middelfart"]
[Date "2012.09.30"]
[Round "4"]
[White "Skovgaard, Ib"]
[Black "Boe, Mads"]
[Result "1/2-1/2"]
[WhiteElo "1963"]
[BlackElo "2356"]
[PlyCount "58"]
[EventDate "2012.??.??"]

1. e4 e5 2. Nf3 d6 3. c3 Nf6 4. d4 Nbd7 5. Bd3 Be7 6. O-O O-O 7. a4 c6 8. h3
Qc7 9. Re1 Re8 10. Nbd2 Nf8 11. Nc4 exd4 12. e5 dxe5 13. Ncxe5 dxc3 14. Nxf7
cxb2 15. Bxb2 Nd5 16. Be5 Qa5 17. N3g5 Bxg5 18. Nxg5 h6 19. Qh5 Be6 20. Bxg7
Kxg7 21. Rxe6 Rxe6 22. Qf7+ Kh8 23. Nxe6 Qc3 24. Nxf8 Qxa1+ 25. Kh2 Qg7 26.
Ng6+ Kh7 27. Nf8+ Kh8 28. Ng6+ Kh7 29. Nf8+ Kh8 1/2-1/2

[Event "DM Hurtigskak 2012"]
[Site "Middelfart"]
[Date "2012.09.30"]
[Round "4"]
[White "Munksgaard, Dennis"]
[Black "Fries Nielsen, Niels Jorgen"]
[Result "0-1"]
[WhiteElo "1917"]
[BlackElo "2295"]
[PlyCount "114"]
[EventDate "2012.??.??"]

1. e4 c5 2. Nf3 h6 3. d4 cxd4 4. Nxd4 Nf6 5. Nc3 e5 6. Ndb5 d6 7. Bd3 a6 8. Na3
b5 9. Nd5 Nxd5 10. exd5 g6 11. c4 Bg7 12. cxb5 O-O 13. O-O Nd7 14. bxa6 Nc5 15.
Bb5 Bxa6 16. Be3 Bxb5 17. Nxb5 Qb8 18. Bxc5 Qxb5 19. Bxd6 Rfd8 20. Be7 Rxd5 21.
Qf3 Re8 22. Ba3 e4 23. Qb3 Qxb3 24. axb3 Rd3 25. b4 Rb3 26. Rfd1 Rc8 27. Kf1 g5
28. Ke2 Bxb2 29. Bxb2 Rxb2+ 30. Rd2 Rxb4 31. Ra6 Kg7 32. h3 Rc5 33. Rad6 Rcc4
34. Rd7 Rc3 35. R7d4 Rxd4 36. Rxd4 f5 37. Rd6 Rc2+ 38. Ke1 h5 39. g3 Ra2 40.
Rc6 Ra3 41. Ke2 h4 42. Rc7+ Kg6 43. Rc6+ Kh5 44. Rc5 hxg3 45. fxg3 Rxg3 46.
Rxf5 Rxh3 47. Re5 e3 48. Rxe3 Rxe3+ 49. Kxe3 Kg4 50. Kf2 Kh3 51. Kg1 Kg3 52.
Kh1 Kh3 53. Kg1 g4 54. Kh1 Kg3 55. Kg1 Kf3 56. Kf1 g3 57. Kg1 g2 0-1

[Event "DM Hurtigskak 2012"]
[Site "Middelfart"]
[Date "2012.09.30"]
[Round "5"]
[White "Skovgaard, Peter Nicolai"]
[Black "Glud, Jakob Vang"]
[Result "0-1"]
[WhiteElo "2293"]
[BlackElo "2506"]
[PlyCount "56"]
[EventDate "2012.??.??"]

1. e4 e5 2. Nf3 Nc6 3. Bb5 a6 4. Ba4 Nf6 5. O-O Be7 6. Re1 b5 7. Bb3 d6 8. a4
Bd7 9. Nc3 Na5 10. Ba2 b4 11. Nd5 Nxd5 12. Bxd5 c6 13. Ba2 O-O 14. d4 exd4 15.
Nxd4 c5 16. Nf5 Bxf5 17. exf5 c4 18. Qd5 Rc8 19. Be3 Bf6 20. Rad1 Bxb2 21. Qxd6
Qxd6 22. Rxd6 b3 23. cxb3 cxb3 24. Bxb3 Nxb3 25. Rb1 Rfe8 26. Rdd1 Rc2 27. Rd3
Na5 28. Rd5 Nc4 0-1

[Event "DM Hurtigskak 2012"]
[Site "Middelfart"]
[Date "2012.09.30"]
[Round "5"]
[White "Andersen, Jackie"]
[Black "Kristensen, Kaare Hove"]
[Result "0-1"]
[WhiteElo "2333"]
[BlackElo "2339"]
[PlyCount "114"]
[EventDate "2012.??.??"]

1. d4 d5 2. Nf3 c5 3. c3 cxd4 4. cxd4 Nc6 5. Nc3 Nf6 6. a3 Bf5 7. Bf4 a6 8. e3
e6 9. Qb3 Ra7 10. Ne5 Nxe5 11. Bxe5 Nd7 12. Bg3 Be7 13. Be2 O-O 14. O-O b5 15.
Rfc1 Nb6 16. a4 b4 17. Na2 a5 18. Bb5 Nc4 19. f3 Nd6 20. Bf1 Rc7 21. Rxc7 Qxc7
22. Rc1 Qb7 23. Rc5 Qb6 24. Qd1 Nc4 25. Bxc4 Bxc5 26. dxc5 Qxc5 27. Bf1 Qxe3+
28. Bf2 Qe5 29. Bd4 Qc7 30. Qc1 Qxc1 31. Nxc1 Rc8 32. Nb3 Bc2 33. Nxa5 Bxa4 34.
f4 f6 35. Nb7 Bc6 36. Nc5 Kf7 37. Na6 b3 38. Nc5 Rb8 39. g3 Ke7 40. Be2 Kd6 41.
Bd1 e5 42. fxe5+ fxe5 43. Bf2 d4 44. Nd3 Be4 45. Nc1 Bc2 46. Be2 Kd5 47. g4 e4
48. g5 d3 49. Kf1 dxe2+ 50. Kxe2 Kc4 51. Ke3 Bd3 52. Bg3 Rf8 53. Be5 Rf1 54.
Nxd3 exd3 55. Bxg7 Rh1 56. Be5 Re1+ 57. Kf4 d2 0-1

[Event "DM Hurtigskak 2012"]
[Site "Middelfart"]
[Date "2012.09.30"]
[Round "5"]
[White "Thybo, Jesper Sondergaard"]
[Black "Pedersen, Steffen"]
[Result "0-1"]
[WhiteElo "1940"]
[BlackElo "2415"]
[PlyCount "116"]
[EventDate "2012.??.??"]

1. e4 e5 2. Nf3 Nc6 3. Bb5 a6 4. Ba4 Nge7 5. O-O g6 6. c3 Bg7 7. d4 exd4 8.
cxd4 b5 9. Bb3 O-O 10. d5 Na5 11. Bc2 c5 12. dxc6 dxc6 13. Nc3 Qxd1 14. Rxd1
Bg4 15. Bg5 Rfe8 16. Rac1 Nc4 17. Bb3 Na5 18. Rd6 Nc8 19. Rd3 Nb6 20. Nd2 Nd7
21. f3 Nc5 22. Rd6 Be5 23. Rxc6 Nxc6 24. fxg4 Bd4+ 25. Kf1 Nd3 26. Rb1 Kg7 27.
Nd5 h6 28. Bh4 Rac8 29. Ke2 Nc5 30. Bc2 g5 31. Bg3 Rcd8 32. Kf1 Be3 33. Bf2
Bxf2 34. Kxf2 Nd4 35. Bd1 Nxe4+ 36. Nxe4 Rxe4 37. Nc3 Rf4+ 38. Ke3 Rf1 39. a3
f5 40. gxf5 Nxf5+ 41. Ke2 Rf4 42. Rc1 Nd4+ 43. Ke1 Re8+ 44. Kd2 Rd8 45. Ke1
Re8+ 46. Kd2 Rf2+ 47. Kd3 Ne6 48. Bf3 Nf4+ 49. Kd4 Rxb2 50. Kc5 Rc8+ 51. Kb6 b4
52. axb4 Rxb4+ 53. Ka7 Rbc4 54. g3 Ng6 55. Rd1 Rxc3 56. Rd7+ Kf8 57. Kb7 Ne5
58. Rh7 Nxf3 0-1

[Event "DM Hurtigskak 2012"]
[Site "Middelfart"]
[Date "2012.09.30"]
[Round "5"]
[White "Dyrgaard, Kristoffer"]
[Black "Jacobsen, Bo"]
[Result "1-0"]
[WhiteElo "2201"]
[BlackElo "2291"]
[PlyCount "49"]
[EventDate "2012.??.??"]

1. e4 e5 2. Bc4 Nf6 3. d3 Nc6 4. Nc3 Bc5 5. f4 d6 6. Nf3 a6 7. f5 Na5 8. Bg5
Nxc4 9. dxc4 Bb4 10. O-O Bxc3 11. bxc3 b6 12. c5 bxc5 13. Rb1 Bd7 14. Bxf6 gxf6
15. Qd5 O-O 16. h3 Ba4 17. Nh2 Kg7 18. Rf3 Rh8 19. Rg3+ Kf8 20. Ng4 h5 21. Ne3
Rb8 22. Rb7 Be8 23. Ra7 Qc8 24. Nc4 Rh7 25. Nxd6 1-0

[Event "DM Hurtigskak 2012"]
[Site "Middelfart"]
[Date "2012.09.30"]
[Round "5"]
[White "Pedersen, Nicolai Vesterbaek"]
[Black "Pedersen, Jan Nordenbaek"]
[Result "1-0"]
[WhiteElo "2440"]
[BlackElo "2269"]
[PlyCount "99"]
[EventDate "2012.??.??"]

1. d4 g6 2. e4 Bg7 3. Nc3 d6 4. f4 a6 5. Nf3 b5 6. Bd3 c5 7. dxc5 dxc5 8. e5
Nh6 9. a4 b4 10. Be4 Qxd1+ 11. Nxd1 Ra7 12. Be3 Rc7 13. h3 Nf5 14. Bf2 h5 15.
Ne3 Nxe3 16. Bxe3 Bf5 17. Nd2 Nd7 18. Bxf5 gxf5 19. Nc4 f6 20. O-O-O fxe5 21.
fxe5 Bh6 22. Rhe1 f4 23. Bd2 Rc6 24. Re2 Re6 25. Rf1 Rf8 26. Rf3 Kd8 27. Kd1
Kc7 28. c3 b3 29. Ref2 Nb6 30. Nxb6 Kxb6 31. c4 Rxe5 32. Rxb3+ Kc6 33. a5 Re6
34. Re2 Rxe2 35. Kxe2 Kc7 36. Kf3 Rd8 37. Bxf4+ Bxf4 38. Kxf4 Rd4+ 39. Kg5 h4
40. g4 hxg3 41. Rxg3 Rxc4 42. h4 Rc2 43. b3 Rh2 44. h5 Kc6 45. h6 Kb5 46. Rg4
Kxa5 47. Rh4 Rg2+ 48. Kf5 Rg8 49. h7 Rh8 50. Ke4 1-0

[Event "DM Hurtigskak 2012"]
[Site "Middelfart"]
[Date "2012.09.30"]
[Round "5"]
[White "Fries Nielsen, Niels Jorgen"]
[Black "Vovk, Oksana"]
[Result "1-0"]
[WhiteElo "2295"]
[BlackElo "2136"]
[PlyCount "91"]
[EventDate "2012.??.??"]

1. g3 d5 2. Bg2 Nf6 3. Nf3 Bg4 4. Ne5 Bh5 5. O-O e6 6. d4 Bd6 7. c4 c6 8. Nc3
Nbd7 9. Bf4 Bxe5 10. dxe5 Ng4 11. cxd5 exd5 12. e4 g5 13. h3 Ngxe5 14. Qxh5
gxf4 15. exd5 O-O 16. dxc6 Nxc6 17. Qg4+ Kh8 18. Rad1 Nce5 19. Qxf4 Qf6 20. Ne4
Qg7 21. Qf5 Nb6 22. b3 Nc6 23. Qf6 Qxf6 24. Nxf6 Rad8 25. Be4 h6 26. Ng4 Kg7
27. Ne3 Rfe8 28. Nf5+ Kf6 29. Bxc6 bxc6 30. Nxh6 Rxd1 31. Rxd1 Nd5 32. Ng4+ Kg7
33. Rc1 f5 34. Nh2 Re2 35. Rxc6 Rxa2 36. Rc5 Ne7 37. Nf3 a5 38. Nd4 Kf6 39. Nc6
Nxc6 40. Rxc6+ Ke5 41. Rc5+ Ke4 42. Kg2 Ra3 43. Rc4+ Kd3 44. Rc5 Rxb3 45. Rxa5
Ke4 46. h4 1-0

[Event "DM Hurtigskak 2012"]
[Site "Middelfart"]
[Date "2012.09.30"]
[Round "5"]
[White "Skytte, Rasmus"]
[Black "Skaanning Pedersen, Kim Henrik"]
[Result "0-1"]
[WhiteElo "2396"]
[BlackElo "2225"]
[PlyCount "104"]
[EventDate "2012.??.??"]

1. e4 d5 2. exd5 Qxd5 3. Nc3 Qd6 4. d4 Nf6 5. Nf3 g6 6. g3 Bg7 7. Bg2 O-O 8.
O-O Nc6 9. Nb5 Qd8 10. c4 a6 11. Nc3 Bg4 12. Be3 e5 13. dxe5 Nd7 14. h3 Be6 15.
Nd5 Ncxe5 16. Nxe5 Nxe5 17. b3 Bxd5 18. cxd5 Qd6 19. Rc1 Nd7 20. Qc2 Rac8 21.
Rfd1 Rfe8 22. h4 Be5 23. Bg5 Bf6 24. Bh6 Bg7 25. Bd2 Bd4 26. Bf4 Be5 27. Bg5 f5
28. h5 Bf6 29. Bf4 Be5 30. hxg6 hxg6 31. Bd2 Bd4 32. Ba5 Bb6 33. Bxb6 Nxb6 34.
a4 Nd7 35. Re1 Re5 36. Bf3 Rce8 37. Red1 Rc8 38. Qc3 Nf6 39. Re1 Rxe1+ 40. Rxe1
Re8 41. Re6 Rxe6 42. dxe6 Qxe6 43. Bxb7 Qb6 44. Bf3 a5 45. Qc4+ Kg7 46. Kg2 Ne8
47. Qe2 Kf8 48. Qe5 Nf6 49. Qc3 Kf7 50. Qc4+ Kg7 51. Bc6 Ng4 52. Qc3+ Kh7 0-1

[Event "DM Hurtigskak 2012"]
[Site "Middelfart"]
[Date "2012.09.30"]
[Round "5"]
[White "Jensen, Jacob Bjerre"]
[Black "Bromann, Thorbjorn"]
[Result "0-1"]
[WhiteElo "2097"]
[BlackElo "2361"]
[PlyCount "52"]
[EventDate "2012.??.??"]

1. d4 g6 2. c4 Bg7 3. Nc3 d6 4. e4 e5 5. Be3 exd4 6. Bxd4 Nf6 7. Be2 Nc6 8. Be3
O-O 9. g4 Re8 10. f3 Ne5 11. g5 Nfd7 12. Qd2 Nb6 13. b3 f5 14. Rd1 fxe4 15.
Nxe4 Bf5 16. Ng3 Bd7 17. h4 Qe7 18. Bd4 Bc6 19. Kf2 Rf8 20. Nh3 Ng4+ 21. Kg1
Bxf3 22. Bxg7 Qxg7 23. Nf4 Rxf4 24. Qxf4 Rf8 25. Qd2 Qe5 26. Rh3 Nf2 0-1

[Event "DM Hurtigskak 2012"]
[Site "Middelfart"]
[Date "2012.09.30"]
[Round "6"]
[White "Glud, Jakob Vang"]
[Black "Kristensen, Kaare Hove"]
[Result "1/2-1/2"]
[WhiteElo "2506"]
[BlackElo "2339"]
[PlyCount "76"]
[EventDate "2012.??.??"]

1. c4 c5 2. g3 Nf6 3. Bg2 Nc6 4. Nc3 e6 5. Nf3 d5 6. cxd5 exd5 7. d4 Be7 8. O-O
O-O 9. dxc5 d4 10. Na4 Bf5 11. Bf4 Be4 12. Rc1 Qd5 13. Qb3 Qh5 14. Bd6 b5 15.
Bxe7 bxa4 16. Qb7 Rfb8 17. Qc7 d3 18. Bxf6 dxe2 19. Rfe1 Bxf3 20. Bxf3 Qxf3 21.
Bc3 Re8 22. Qf4 Qxf4 23. gxf4 Re4 24. Rc2 Rae8 25. f3 Rxf4 26. Rcxe2 Rxe2 27.
Rxe2 Kf8 28. Kf2 Rc4 29. Re4 Rxe4 30. fxe4 g6 31. Ke3 Ke7 32. Kd3 Ke6 33. Kc4
a6 34. b4 axb3 35. axb3 f5 36. exf5+ gxf5 37. b4 f4 38. Be1 Ke5 1/2-1/2

[Event "DM Hurtigskak 2012"]
[Site "Middelfart"]
[Date "2012.09.30"]
[Round "6"]
[White "Pedersen, Steffen"]
[Black "Dyrgaard, Kristoffer"]
[Result "0-1"]
[WhiteElo "2415"]
[BlackElo "2201"]
[PlyCount "75"]
[EventDate "2012.??.??"]

1. Nf3 Nf6 2. c4 g6 3. Nc3 d5 4. d4 Bg7 5. Qa4+ c6 6. cxd5 Nxd5 7. e4 Nxc3 8.
bxc3 O-O 9. Be3 b5 10. Qa3 a5 11. Be2 Ba6 12. Qc1 c5 13. Bh6 cxd4 14. cxd4 Nd7
15. Bxg7 Kxg7 16. O-O Nf6 17. Qf4 Qb8 18. Qe3 b4 19. Rfe1 Rc8 20. Rac1 Bxe2 21.
Qxe2 a4 22. Rb1 Qb6 23. d5 Rab8 24. Qd2 Rc4 25. Qd3 Rbc8 26. h3 Rc2 27. Re2
Rc1+ 28. Rxc1 Rxc1+ 29. Kh2 b3 30. axb3 Qxb3 31. Qd4 Qd1 32. Qxd1 Rxd1 33. Ne5
a3 34. Nc6 Nxe4 35. Ra2 Rd3 36. Nxe7 Rb3 37. Nc6 Nc3 38. Nd4 0-1

[Event "DM Hurtigskak 2012"]
[Site "Middelfart"]
[Date "2012.09.30"]
[Round "6"]
[White "Fries Nielsen, Niels Jorgen"]
[Black "Pedersen, Nicolai Vesterbaek"]
[Result "0-1"]
[WhiteElo "2295"]
[BlackElo "2440"]
[PlyCount "70"]
[EventDate "2012.??.??"]

1. Nf3 Nf6 2. d3 d5 3. g3 c6 4. Bg2 Bg4 5. h3 Bh5 6. O-O Nbd7 7. Nbd2 e6 8. c4
Bd6 9. b3 O-O 10. Bb2 a5 11. e4 dxe4 12. dxe4 e5 13. Qc2 Qc7 14. a3 Rfe8 15.
Bc3 b5 16. b4 c5 17. bxa5 b4 18. Bb2 Rxa5 19. Nb3 Ra7 20. axb4 Rxa1 21. Rxa1
cxb4 22. Nh4 Nc5 23. Nf5 Bf8 24. Ne3 Nxb3 25. Qxb3 Bc5 26. Bc1 Qb6 27. Ra2 Bg6
28. Nd5 Qd6 29. Re2 Ra8 30. Kh2 h6 31. Qb2 Rb8 32. f4 Bd4 33. Qb3 Nxd5 34. exd5
Rc8 35. Bd2 exf4 0-1

[Event "DM Hurtigskak 2012"]
[Site "Middelfart"]
[Date "2012.09.30"]
[Round "6"]
[White "Skovgaard, Peter Nicolai"]
[Black "Andersen, Jackie"]
[Result "0-1"]
[WhiteElo "2293"]
[BlackElo "2333"]
[PlyCount "82"]
[EventDate "2012.??.??"]

1. e4 g6 2. d4 Nf6 3. Nc3 d5 4. e5 Ne4 5. Nxe4 dxe4 6. Be3 Bg7 7. Ne2 c5 8.
dxc5 Qc7 9. Nc3 Qxe5 10. Bb5+ Nc6 11. O-O O-O 12. Re1 h5 13. Qe2 Rd8 14. Bxc6
bxc6 15. Rad1 Be6 16. Qa6 Qc7 17. Nxe4 Bxb2 18. Ng5 Bf5 19. Qc4 e5 20. Rd6 Qe7
21. Red1 Bd4 22. Bxd4 exd4 23. h4 d3 24. cxd3 Rf8 25. Rxc6 Qe2 26. Rc1 Bxd3 27.
Qf4 Bf5 28. Qc4 Qe7 29. Rd6 Rac8 30. Rdd1 Rc7 31. Re1 Qf6 32. Nf3 Rfc8 33. Re5
Bg4 34. Re3 Be6 35. Qb4 Bxa2 36. Nd4 Qxh4 37. Rec3 Bd5 38. c6 Qg5 39. g3 h4 40.
Qd6 h3 41. Rc5 h2+ 0-1

[Event "DM Hurtigskak 2012"]
[Site "Middelfart"]
[Date "2012.09.30"]
[Round "6"]
[White "Bromann, Thorbjorn"]
[Black "Skytte, Torill"]
[Result "1-0"]
[WhiteElo "2361"]
[BlackElo "1913"]
[PlyCount "39"]
[EventDate "2012.??.??"]

1. d4 d5 2. Nc3 Bf5 3. f3 e6 4. e4 Bg6 5. Nh3 c6 6. Be3 Bb4 7. Nf2 dxe4 8. fxe4
Nf6 9. Bd3 O-O 10. O-O Nbd7 11. Ne2 Nb6 12. c3 Be7 13. Nf4 Rc8 14. h4 h5 15.
Qe2 Ne8 16. g3 c5 17. Nxg6 fxg6 18. e5 Nd5 19. Bxg6 Nxe3 20. Qxh5 1-0

[Event "DM Hurtigskak 2012"]
[Site "Middelfart"]
[Date "2012.09.30"]
[Round "6"]
[White "Laursen, Niels Norskov"]
[Black "Boe, Mads"]
[Result "1-0"]
[WhiteElo "2245"]
[BlackElo "2356"]
[PlyCount "89"]
[EventDate "2012.??.??"]

1. e4 e5 2. Nf3 d6 3. d4 Nf6 4. Nc3 Nbd7 5. Bc4 Be7 6. O-O O-O 7. a4 c6 8. Re1
Qc7 9. a5 Rb8 10. d5 b5 11. axb6 Nxb6 12. Bf1 Bd7 13. Be3 cxd5 14. exd5 Nc8 15.
Ra2 Ng4 16. Bd2 f5 17. h3 Nf6 18. Ng5 Bd8 19. f4 e4 20. Be3 a5 21. Qd2 Rb4 22.
b3 Ne7 23. Rea1 Qb8 24. Kh1 Qc8 25. Bc4 Rxc4 26. bxc4 Qxc4 27. Ne6 Bxe6 28.
dxe6 Qxe6 29. Bd4 Nfd5 30. Nb5 e3 31. Qe2 Ng6 32. g3 Qe4+ 33. Kh2 Ngxf4 34.
gxf4 Nxf4 35. Qf1 Be7 36. Ra3 Rc8 37. c4 e2 38. Qg1 Bf8 39. Re3 Qc2 40. Re1
Rxc4 41. Na3 Qa2 42. Nxc4 Qxc4 43. Re8 Ne6 44. Bb2 Qc6 45. Rxe6 1-0

[Event "DM Hurtigskak 2012"]
[Site "Middelfart"]
[Date "2012.09.30"]
[Round "6"]
[White "Sloth, Jorn"]
[Black "Thybo, Jesper Sondergaard"]
[Result "1-0"]
[WhiteElo "2337"]
[BlackElo "1940"]
[PlyCount "67"]
[EventDate "2012.??.??"]

1. Nf3 Nf6 2. g3 g6 3. b3 Bg7 4. Bb2 O-O 5. Bg2 d5 6. c4 c6 7. O-O Bf5 8. d3
Nbd7 9. Qc2 Bg4 10. Nbd2 Re8 11. h3 Bxf3 12. Bxf3 e5 13. Rab1 Rc8 14. Rfc1 Qe7
15. cxd5 cxd5 16. Qxc8 Rxc8 17. Rxc8+ Nf8 18. Rbc1 e4 19. Bxf6 Bxf6 20. dxe4
dxe4 21. Nxe4 Be5 22. Kg2 Kg7 23. Nc5 b6 24. Nd3 Bd6 25. e3 Ne6 26. h4 Nc7 27.
Nf4 Qd7 28. Rb8 Na6 29. Rb7 Qf5 30. Bd5 Kh6 31. Rxf7 Qe5 32. g4 g5 33. hxg5+
Qxg5 34. Rh1+ 1-0

[Event "DM Hurtigskak 2012"]
[Site "Middelfart"]
[Date "2012.09.30"]
[Round "6"]
[White "Skaanning Pedersen, Kim Henrik"]
[Black "Jacobsen, Bo"]
[Result "0-1"]
[WhiteElo "2225"]
[BlackElo "2291"]
[PlyCount "100"]
[EventDate "2012.??.??"]

1. e4 e5 2. Nc3 Nf6 3. Bc4 Nc6 4. d3 Bc5 5. f4 d6 6. Nf3 a6 7. Rf1 O-O 8. f5
Na5 9. Bg5 Nxc4 10. dxc4 Bb4 11. Qd3 Bxc3+ 12. Qxc3 Nxe4 13. Bxd8 Nxc3 14. Bxc7
Ne4 15. Nd2 Nf6 16. Bxd6 Re8 17. h3 h5 18. O-O-O Bd7 19. Rde1 e4 20. Re3 Rad8
21. Bc7 Rc8 22. Ba5 Rc5 23. Bc3 Rxf5 24. Bxf6 Rxf1+ 25. Nxf1 gxf6 26. Ng3 h4
27. Nxe4 Kg7 28. Kd2 Bc6 29. Nd6 Rd8 30. c5 Bxg2 31. Kc3 Kg6 32. Re2 Bc6 33.
Rf2 Rh8 34. Rf4 Rh5 35. Rg4+ Rg5 36. Rxh4 Rxc5+ 37. Rc4 Rd5 38. Rd4 Rc5+ 39.
Kd2 Rg5 40. h4 Rg2+ 41. Kc3 f5 42. Nc4 Be4 43. Ne5+ Kh5 44. Nxf7 Rxc2+ 45. Kb3
Re2 46. Nd6 b5 47. a4 bxa4+ 48. Rxa4 Bc2+ 49. Kb4 Bxa4 50. Kxa4 f4 0-1

[Event "DM Hurtigskak 2012"]
[Site "Middelfart"]
[Date "2012.09.30"]
[Round "7"]
[White "Dyrgaard, Kristoffer"]
[Black "Glud, Jakob Vang"]
[Result "0-1"]
[WhiteElo "2201"]
[BlackElo "2506"]
[PlyCount "74"]
[EventDate "2012.??.??"]

1. e4 e5 2. Bc4 Nc6 3. Nc3 Nf6 4. d3 Na5 5. Qf3 d6 6. Nge2 g6 7. Bg5 Be7 8. h3
Nxc4 9. dxc4 Be6 10. b3 h6 11. Be3 c6 12. Rd1 Qc7 13. O-O Kf8 14. Bc1 Kg7 15.
a4 Rad8 16. Ba3 a6 17. Rd3 Rd7 18. Rfd1 Rhd8 19. Ng3 Bf8 20. Nf5+ Bxf5 21. exf5
g5 22. Ne4 Nxe4 23. Qxe4 Be7 24. h4 Bf6 25. hxg5 hxg5 26. g4 d5 27. cxd5 cxd5
28. Rxd5 Rxd5 29. Rxd5 Rxd5 30. Qxd5 Qxc2 31. Qxb7 Qd1+ 32. Kh2 Qxg4 33. Qc8
Qh5+ 34. Kg2 e4 35. Bd6 Qf3+ 36. Kh2 Qxf2+ 37. Kh1 Qe1+ 0-1

[Event "DM Hurtigskak 2012"]
[Site "Middelfart"]
[Date "2012.09.30"]
[Round "7"]
[White "Kristensen, Kaare Hove"]
[Black "Pedersen, Nicolai Vesterbaek"]
[Result "1-0"]
[WhiteElo "2339"]
[BlackElo "2440"]
[PlyCount "98"]
[EventDate "2012.??.??"]

1. e4 e5 2. Nf3 Nc6 3. d4 exd4 4. Nxd4 Bc5 5. Nxc6 bxc6 6. Bd3 Ne7 7. O-O O-O
8. Qe2 Ng6 9. Be3 Bxe3 10. Qxe3 Qf6 11. Nc3 Qf4 12. Qxf4 Nxf4 13. Rfd1 Rb8 14.
b3 d6 15. Ne2 Nxd3 16. cxd3 f5 17. f3 c5 18. Kf2 a5 19. Nc3 Bb7 20. Ke3 Rfe8
21. Kf2 fxe4 22. dxe4 Bc6 23. Rd2 Rb4 24. Rc1 Re5 25. Ne2 a4 26. Rc4 Bd7 27.
Rxb4 cxb4 28. Rd4 axb3 29. axb3 Rb5 30. Nf4 Kf7 31. Ke3 Be6 32. Nxe6 Kxe6 33.
f4 c5 34. f5+ Ke7 35. Rd5 Ra5 36. e5 dxe5 37. Ke4 Ra3 38. Rxc5 Rxb3 39. Rxe5+
Kf7 40. Rb5 Rb2 41. g4 b3 42. g5 Re2+ 43. Kf4 b2 44. Rb7+ Kf8 45. h4 Rh2 46.
Kg3 Rc2 47. h5 h6 48. f6 gxf6 49. gxf6 Rc6 1-0

[Event "DM Hurtigskak 2012"]
[Site "Middelfart"]
[Date "2012.09.30"]
[Round "7"]
[White "Andersen, Jackie"]
[Black "Pedersen, Steffen"]
[Result "1-0"]
[WhiteElo "2333"]
[BlackElo "2415"]
[PlyCount "45"]
[EventDate "2012.??.??"]

1. d4 d5 2. Nf3 Nf6 3. Bf4 g6 4. h3 Bg7 5. e3 O-O 6. Nbd2 b6 7. b4 Bb7 8. a3
Nbd7 9. c4 Ne4 10. Rc1 Nxd2 11. Qxd2 dxc4 12. Bxc4 Bxf3 13. Bxc7 Qe8 14. gxf3
e5 15. d5 Qe7 16. d6 Qf6 17. Ke2 Rad8 18. Rhd1 e4 19. fxe4 Ne5 20. f4 Nxc4 21.
Rxc4 Qe6 22. Qd5 Qxh3 23. Ra1 1-0

[Event "DM Hurtigskak 2012"]
[Site "Middelfart"]
[Date "2012.09.30"]
[Round "7"]
[White "Jacobsen, Bo"]
[Black "Bromann, Thorbjorn"]
[Result "1/2-1/2"]
[WhiteElo "2291"]
[BlackElo "2361"]
[PlyCount "49"]
[EventDate "2012.??.??"]

1. c4 g6 2. g3 Bg7 3. Bg2 Nf6 4. Nc3 O-O 5. d3 d6 6. Nf3 e5 7. Rb1 a5 8. a3 Nc6
9. b4 axb4 10. axb4 h6 11. b5 Ne7 12. Qb3 Be6 13. O-O Qd7 14. Nd2 c6 15. Ba3
Ne8 16. Ra1 f5 17. Bb2 Nc7 18. Rxa8 Rxa8 19. Ra1 Rxa1+ 20. Bxa1 cxb5 21. Nxb5
Nxb5 22. Qxb5 Qxb5 23. cxb5 d5 24. Bb2 Nc8 25. Nf3 1/2-1/2

[Event "DM Hurtigskak 2012"]
[Site "Middelfart"]
[Date "2012.09.30"]
[Round "7"]
[White "Laursen, Niels Norskov"]
[Black "Sloth, Jorn"]
[Result "0-1"]
[WhiteElo "2245"]
[BlackElo "2337"]
[PlyCount "88"]
[EventDate "2012.??.??"]

1. e4 e6 2. d4 d5 3. Nc3 Bb4 4. e5 Ne7 5. a3 Bxc3+ 6. bxc3 b6 7. Nf3 Qd7 8. a4
Ba6 9. Bxa6 Nxa6 10. Qd3 Nb8 11. O-O Nbc6 12. Ba3 Na5 13. Nd2 h5 14. Bb4 Nb7
15. Bxe7 Kxe7 16. f4 g6 17. Qg3 Kf8 18. Nf3 c5 19. a5 Nxa5 20. dxc5 Rc8 21. Nd4
Rxc5 22. Nb3 Nxb3 23. cxb3 Rc7 24. Rad1 Qe7 25. Rd3 h4 26. Qg4 Rh5 27. Rh3 Kg7
28. Rhf3 Kh7 29. Kh1 a5 30. Rd3 b5 31. Ra1 Ra7 32. Rd4 Qc5 33. Qf3 b4 34. Rd3
bxc3 35. Rxc3 Qd4 36. Rac1 Rf5 37. g3 hxg3 38. hxg3 Rh5+ 39. Kg2 Qd2+ 40. Kg1
a4 41. bxa4 Rxa4 42. R3c2 Qd4+ 43. Kg2 Ra1 44. Rc7 Qd2+ 0-1

[Event "DM Hurtigskak 2012"]
[Site "Middelfart"]
[Date "2012.09.30"]
[Round "7"]
[White "Pedersen, Jan Nordenbaek"]
[Black "Fries Nielsen, Niels Jorgen"]
[Result "0-1"]
[WhiteElo "2269"]
[BlackElo "2295"]
[PlyCount "60"]
[EventDate "2012.??.??"]

1. c4 g6 2. g3 Bg7 3. Bg2 e6 4. d4 Ne7 5. Nf3 O-O 6. O-O d5 7. Nc3 Nbc6 8. e3
a6 9. b3 b5 10. cxd5 exd5 11. Bb2 Rb8 12. Re1 Re8 13. Rc1 h6 14. h3 Be6 15. Kh2
Rb6 16. Ng1 g5 17. Nge2 f5 18. f3 Bf7 19. Qd2 Ng6 20. Rcd1 Nce7 21. e4 fxe4 22.
fxe4 dxe4 23. Bxe4 Nd5 24. Nxd5 Bxd5 25. Bxd5+ Qxd5 26. Nf4 Qf7 27. Nh5 Ne5 28.
dxe5 Qxh5 29. e6 Rbxe6 30. Bxg7 Re2+ 0-1

[Event "DM Hurtigskak 2012"]
[Site "Middelfart"]
[Date "2012.09.30"]
[Round "7"]
[White "Boe, Mads"]
[Black "Skovgaard, Peter Nicolai"]
[Result "1-0"]
[WhiteElo "2356"]
[BlackElo "2293"]
[PlyCount "109"]
[EventDate "2012.??.??"]

1. d4 Nf6 2. c3 c5 3. Nf3 e6 4. Bg5 Be7 5. e3 b6 6. Bd3 Bb7 7. O-O O-O 8. Nbd2
h6 9. Bh4 cxd4 10. exd4 d6 11. Re1 Nbd7 12. a4 Nh5 13. Bxe7 Qxe7 14. a5 Nf4 15.
Bf1 e5 16. g3 Ng6 17. a6 Bd5 18. Bg2 Nf6 19. c4 Bxf3 20. Nxf3 Rac8 21. b3 Rfe8
22. Qd2 Qc7 23. Qb2 Re7 24. dxe5 dxe5 25. Rad1 Rce8 26. Qa3 e4 27. Nd4 e3 28.
fxe3 Rxe3 29. Rxe3 Rxe3 30. Nf5 Re6 31. Nd4 Rd6 32. Bd5 Qc5 33. Qxc5 bxc5 34.
Nc6 Kf8 35. Ra1 Ne7 36. Nxa7 Nexd5 37. cxd5 Rd8 38. Nc6 Ra8 39. a7 Nxd5 40. Ra5
Nb4 41. Nxb4 cxb4 42. Kf2 Ke7 43. Ke3 Kd6 44. Kd4 Kc6 45. Kc4 Kb6 46. Ra4 Rxa7
47. Rxa7 Kxa7 48. Kxb4 Kb6 49. Kc4 f5 50. Kd4 g5 51. Ke5 f4 52. gxf4 gxf4 53.
Kxf4 Kb5 54. Kf5 Kb4 55. Kg6 1-0